| 000 | 00658nam a2200169 i 4500 | ||
|---|---|---|---|
| 001 | 167935 | ||
| 003 | ES-MaACL | ||
| 005 | 20230906213628.0 | ||
| 008 | 051003s1872 xxk | |||||||| ||eng d | ||
| 040 |
_aCAM _bspa _cCAM |
||
| 100 | 1 |
_aWilliams, Monier. _9133935 |
|
| 245 | 1 | 2 |
_aA sanskrit-english dictionary _b: etymologically and philologically arranged with special reference to greek, latin, ... / _cby Monier Williams. |
| 260 |
_aOxford : _bMacmillan and co., _c1872 ( _fClarendon Press) |
||
| 300 |
_aXXV, [3], 1186 p. ; _c27 cm. |
||
| 650 | 4 |
_aLengua sánscrita- _vDiccionarios- _xInglés. _9162368 |
|
| 852 |
_aES-MaACL _jB-795 _z-- Enc. pasta española |
||
| 999 |
_c167935 _d167935 |
||